LEADER 01908nam 22005774a 450 001 9910455849803321 005 20200520144314.0 010 $a1-280-08678-5 010 $a9786610086788 010 $a0-585-47677-2 035 $a(CKB)111087027996034 035 $a(SSID)ssj0000087456 035 $a(PQKBManifestationID)11121561 035 $a(PQKBTitleCode)TC0000087456 035 $a(PQKBWorkID)10053349 035 $a(PQKB)10973647 035 $a(MiAaPQ)EBC3050613 035 $a(Au-PeEL)EBL3050613 035 $a(CaPaEBR)ebr10044828 035 $a(CaONFJC)MIL8678 035 $a(OCoLC)495528347 035 $a(EXLCZ)99111087027996034 100 $a20030509d2003 uy 0 101 0 $aeng 135 $aurcn||||||||| 181 $ctxt 182 $cc 183 $acr 200 04$aThe impact of economic policies on poverty and income distribution$b[electronic resource] $eevaluation techniques and tools /$fFranc?ois Bourguignon, Luiz A. Pereira da Silva, editors 210 $aWashington, DC $cCopublication of the World Bank and Oxford University Press, New York$dc2003 215 $axx, 418 p. $cill 300 $aBibliographic Level Mode of Issuance: Monograph 311 $a0-8213-5491-4 320 $aIncludes bibliographical references (p. 369-395) and index. 606 $aEconomic assistance$xEvaluation 606 $aPoverty 606 $aIncome distribution 608 $aElectronic books. 615 0$aEconomic assistance$xEvaluation. 615 0$aPoverty. 615 0$aIncome distribution. 676 $a339.4/6 701 $aBourguignon$b Franc?ois$0374856 701 $aSilva$b Luiz A. Pereira da$0903621 801 0$bMiAaPQ 801 1$bMiAaPQ 801 2$bMiAaPQ 906 $aBOOK 912 $a9910455849803321 996 $aThe impact of economic policies on poverty and income distribution$92019922 997 $aUNINA LEADER 00995cam0 22003013 450 001 SOB005555 005 20230405104909.0 010 $a8831101293 100 $a20040211d2001 |||||ita|0103 ba 101 $aita 102 $aIT 200 1 $aDel male e del bene$fGiuseppe Riconda$gXavier Tilliette$gcur. Francesco Tomatis 210 $aRoma$cCittà Nuova Editrice$d2001 215 $a128 p.$d18 cm 225 2 $aIdee$v129 410 1$1001LAEC00015496$12001 $a*Idee$v129 700 1$aRiconda$b, Giuseppe$3AF00005934$4070$0126659 702 1$aTilliette, Xavier$3A600200064263$4070 702 1$aTOMATIS, Francesco$3AF00016539$4070 801 0$aIT$bUNISOB$c20230405$gRICA 850 $aUNISOB 852 $aUNISOB$j100$m106266 912 $aSOB005555 940 $aM 102 Monografia moderna SBN 941 $aM 957 $a100$b010072$gSI$d106266$racquisto$1carrano$2UNISOB$3UNISOB$420120628080958.0$520120628081042.0$6carrano 996 $aDel male e del bene$91730446 997 $aUNISOB